000 00621cam a2200205 4500
001 D16231
008 090401t1964 xxu||||| |||| 00| 0 eng d
035 _a(Sirsi) u28090
041 _aeng
050 _a692.3
110 _aRoyal Institution of Chartered Surveyors
_94900
245 _aStandard method of measurement of building works, authorised by agreement between the RICS and the National Federation of Building Trades Employers
250 _a5th
260 _aLondon
_bRICS/NFBTE
_c1964
300 _ax. 109p. 30cm
350 _a0
520 _aFiled at SMM 1964/2BDEF
942 _n0
948 _c04/03/1997
999 _c89203
_d89203